The everything career tests book : (Record no. 590825)
[ view plain ]
| 000 -LEADER | |
|---|---|
| fixed length control field | 01506cam a2200373 a 4500 |
| 001 - CONTROL NUMBER | |
| control field | 14851466 |
| 003 - CONTROL NUMBER IDENTIFIER | |
| control field | NUST |
| 005 - DATE AND TIME OF LATEST TRANSACTION | |
| control field | 20220807152910.0 |
| 008 - FIXED-LENGTH DATA ELEMENTS--GENERAL INFORMATION | |
| fixed length control field | 070515s2007 maua b 001 0 eng d |
| 010 ## - LIBRARY OF CONGRESS CONTROL NUMBER | |
| LC control number | 2007274796 |
| 020 ## - INTERNATIONAL STANDARD BOOK NUMBER | |
| International Standard Book Number | 1593375654 |
| 020 ## - INTERNATIONAL STANDARD BOOK NUMBER | |
| International Standard Book Number | 9781593375652 |
| 035 ## - SYSTEM CONTROL NUMBER | |
| System control number | (OCoLC)ocm81253073 |
| 038 ## - RECORD CONTENT LICENSOR | |
| Staff Name | Azhar |
| 040 ## - CATALOGING SOURCE | |
| Original cataloging agency | BKL |
| Transcribing agency | BKL |
| Modifying agency | GK8 |
| -- | FVC |
| -- | BAKER |
| -- | DLC |
| 042 ## - AUTHENTICATION CODE | |
| Authentication code | lccopycat |
| 050 00 - LIBRARY OF CONGRESS CALL NUMBER | |
| Classification number | BF698.9.O3 |
| Item number | L564 2007 |
| 082 00 - DEWEY DECIMAL CLASSIFICATION NUMBER | |
| Classification number | 153.94 |
| Author Mark | LLE |
| 100 1# - MAIN ENTRY--PERSONAL NAME | |
| Personal name | Llewellyn, A. Bronwyn |
| Fuller form of name | (Anita Bronwyn) |
| 9 (RLIN) | 96666 |
| 245 14 - TITLE STATEMENT | |
| Title | The everything career tests book : |
| Remainder of title | 10 tests to determine the right occupation for you |
| Statement of responsibility, etc. | by A. Bronwyn Llewellyn with Robin Holt. |
| 260 ## - PUBLICATION, DISTRIBUTION, ETC. | |
| Place of publication, distribution, etc. | Avon, Mass. : |
| Name of publisher, distributor, etc. | Adams Media Corp., |
| Date of publication, distribution, etc. | c2007. |
| 300 ## - PHYSICAL DESCRIPTION | |
| Extent | xii, 209 p. : |
| Other physical details | ill. ; |
| Dimensions | 24 cm. |
| 440 #4 - SERIES STATEMENT/ADDED ENTRY--TITLE | |
| Title | The everything series |
| 9 (RLIN) | 96667 |
| 504 ## - BIBLIOGRAPHY, ETC. NOTE | |
| Bibliography, etc. note | Includes bibliographical references (p. [187]-198) and index. |
| 650 #0 - SUBJECT ADDED ENTRY--TOPICAL TERM | |
| Topical term or geographic name entry element | Personality and occupation. |
| 9 (RLIN) | 96668 |
| 650 #0 - SUBJECT ADDED ENTRY--TOPICAL TERM | |
| Topical term or geographic name entry element | Personality tests. |
| 9 (RLIN) | 96669 |
| 650 #0 - SUBJECT ADDED ENTRY--TOPICAL TERM | |
| Topical term or geographic name entry element | Vocational interests |
| General subdivision | Testing. |
| 9 (RLIN) | 96670 |
| 700 1# - ADDED ENTRY--PERSONAL NAME | |
| Personal name | Holt, Robin. |
| 9 (RLIN) | 96671 |
| 856 42 - ELECTRONIC LOCATION AND ACCESS | |
| Materials specified | Publisher description |
| Uniform Resource Identifier | <a href="http://www.loc.gov/catdir/enhancements/fy1502/2007274796-d.html">http://www.loc.gov/catdir/enhancements/fy1502/2007274796-d.html</a> |
| 856 42 - ELECTRONIC LOCATION AND ACCESS | |
| Materials specified | Contributor biographical information |
| Uniform Resource Identifier | <a href="http://www.loc.gov/catdir/enhancements/fy1502/2007274796-b.html">http://www.loc.gov/catdir/enhancements/fy1502/2007274796-b.html</a> |
| 906 ## - LOCAL DATA ELEMENT F, LDF (RLIN) | |
| a | 7 |
| b | cbc |
| c | copycat |
| d | 2 |
| e | ncip |
| f | 20 |
| g | y-gencatlg |
| 942 ## - ADDED ENTRY ELEMENTS (KOHA) | |
| Source of classification or shelving scheme | |
| Koha item type | Lincoln Corner |
| Withdrawn status | Lost status | Source of classification or shelving scheme | Damaged status | Not for loan | Permanent Location | Current Location | Shelving location | Date acquired | Full call number | Barcode | Date last seen | Price effective from | Koha item type |
|---|---|---|---|---|---|---|---|---|---|---|---|---|---|
| Central Library (CL) | Central Library (CL) | Lincoln Corner | 08/07/2022 | 153.94 LLE | LC-268 | 08/07/2022 | 08/07/2022 | Reference |
